000 00309nam a2200133Ia 4500
100 _aNair/Somanathan B
942 _cBK
654 _aDigital Electronics
245 _aDigital electronics and Logic design
260 _bPrentice Hall
_c2002
082 _a621.395
_bNAI
300 _a434
546 _aENGLISH
999 _c32315
_d32315